000
00314nam a2200133Ia 4500
005
20251222144835.0
008
251222s9999||||xx |||||||||||||| ||spa||
020
_a
950-641-309-6
082
_a
330.91/C517
100
_a
Chancellor, Edward
245
0
_a
Sálvense Quien Pueda:
264
_b
Granica
942
_c
LIB
999
_c
21015
_d
21015